The history of the Barbados Workers' Union /

Bibliographic Details
Main Author: Mark, Francis
Format: Book
Language:English
Published: [Bridgetown? Barbados] : The Union, [1966?]
Subjects:

MARC

Tag First Indicator Second Indicator Subfields
LEADER 00000mam a2200000 i 4500
001 in00003436421
005 20151206103831.0
008 800403s1966 bb 000 0 eng
010 |a  79101273  
035 |a (OCoLC)ocm06277224 
040 |a DLC  |c DLC  |d m.c.  |d UtOrBLW 
043 |a nwbb--- 
090 |a HD6595.4.Z8  |b B375 1966 
100 1 |a Mark, Francis. 
245 1 4 |a The history of the Barbados Workers' Union /  |c written by Francis Mark. 
264 1 |a [Bridgetown? Barbados] :  |b The Union,  |c [1966?] 
300 |a 168 pages ;  |c 21 cm. 
336 |a text  |b txt  |2 rdacontent 
337 |a unmediated  |b n  |2 rdamedia 
338 |a volume  |b nc  |2 rdacarrier 
610 2 0 |a Barbados Workers' Union  |x History. 
650 0 |a Industrial relations  |z Barbados  |x History. 
999 |a MARS 
999 f f |s 2ca53720-eb43-3485-8de2-16165efc89d1  |i 9506924f-b0dd-3b33-8fef-d0c157fd434d  |t 0 
952 f f |p ric  |a Texas A&M University  |b Rellis Campus  |c Joint Library Facility  |d Remote Storage  |t 0  |e HD6595.4.Z8 B375 1966  |h Library of Congress classification  |i unmediated -- volume  |m 32060005257585 
998 f f |a HD6595.4.Z8 B375 1966  |t 0  |l Remote Storage